[Event "Girls U12 Polish Youth Championship"]
[Site "chess24.com"]
[Date "2018.05.04"]
[Round "8"]
[White "Zabrzanska, Weronika"]
[Black "Starosta, Martyna"]
[Result "1-0"]
[Board "1"]
[WhiteElo "1557"]
[WhiteCountry "POL"]
[WhiteFideId "21825173"]
[WhiteEloChange "11"]
[BlackElo "1607"]
[BlackTitle "WCM"]
[BlackCountry "POL"]
[BlackFideId "21818754"]
[BlackEloChange "-11"]

1. e4 {[%clk 1:30:55]} e5 {[%clk 1:30:55]} 2. Nf3 {[%clk 1:31:03]} Nc6 {[%clk
1:31:18]} 3. Bc4 {[%clk 1:31:11]} Bc5 {[%clk 1:31:34]} 4. c3 {[%clk 1:28:58]} Nf6
{[%clk 1:31:45]} 5. d3 {[%clk 1:29:22]} d6 {[%clk 1:31:21]} 6. O-O {[%clk
1:28:53]} a6 {[%clk 1:31:35]} 7. Bb3 {[%clk 1:29:10]} O-O {[%clk 1:29:56]} 8. Re1
{[%clk 1:27:06]} Kh8 {[%clk 1:27:32]} 9. Nbd2 {[%clk 1:20:47]} h6 {[%clk
1:22:54]} 10. Nf1 {[%clk 1:16:02]} Ng4 {[%clk 1:22:29]} 11. Ne3 {[%clk 1:12:27]}
Nxe3 {[%clk 1:22:07]} 12. Bxe3 {[%clk 1:12:38]} Bxe3 {[%clk 1:22:06]} 13. Rxe3
{[%clk 1:10:10]} f5 {[%clk 1:19:56]} 14. exf5 {[%clk 1:08:17]} Bxf5 {[%clk
1:18:48]} 15. h3 {[%clk 1:08:25]} g5 {[%clk 1:11:51]} 16. Nh2 {[%clk 1:03:11]}
Qe8 {[%clk 1:07:50]} 17. d4 {[%clk 0:54:41]} h5 {[%clk 0:55:25]} 18. Rg3 {[%clk
0:44:44]} Qg6 {[%clk 0:49:27]} 19. Qd2 {[%clk 0:40:49]} g4 {[%clk 0:40:10]} 20.
hxg4 {[%clk 0:40:39]} hxg4 {[%clk 0:38:50]} 21. Nxg4 {[%clk 0:39:01]} Bxg4 {[%clk
0:36:43]} 22. Rxg4 {[%clk 0:39:18]} Qh5 {[%clk 0:32:47]} 23. Rg3 {[%clk 0:37:18]}
Rf4 {[%clk 0:32:11]} 24. Rh3 {[%clk 0:32:57]} Rh4 {[%clk 0:32:30]} 25. Rxh4
{[%clk 0:32:32]} Qxh4 {[%clk 0:32:56]} 26. Bd5 {[%clk 0:30:43]} exd4 {[%clk
0:32:04]} 27. Bxc6 {[%clk 0:29:04]} bxc6 {[%clk 0:32:30]} 28. Qxd4+ {[%clk
0:28:38]} Qxd4 {[%clk 0:32:58]} 29. cxd4 {[%clk 0:29:06]} Rb8 {[%clk 0:32:27]}
30. Rc1 {[%clk 0:27:12]} Rxb2 {[%clk 0:32:30]} 31. Rxc6 {[%clk 0:27:35]} Rxa2
{[%clk 0:32:28]} 32. Rxc7 {[%clk 0:27:57]} Ra4 {[%clk 0:31:44]} 33. d5 {[%clk
0:26:37]} Rd4 {[%clk 0:31:47]} 34. Rc6 {[%clk 0:26:47]} Rxd5 {[%clk 0:32:05]} 35.
Rxa6 {[%clk 0:27:13]} Rd1+ {[%clk 0:32:26]} 36. Kh2 {[%clk 0:27:28]} d5 {[%clk
0:32:49]} 37. Kg3 {[%clk 0:27:30]} d4 {[%clk 0:33:07]} 38. Rd6 {[%clk 0:27:21]}
d3 {[%clk 0:33:10]} 39. Kf3 {[%clk 0:27:19]} Rd2 {[%clk 0:31:38]} 40. g3 {[%clk
0:20:54]} Kg7 {[%clk 0:31:52]} 41. Ra6 {[%clk 0:16:43]} Kf7 {[%clk 0:30:19]} 42.
Ra1 {[%clk 0:15:26]} Kf6 {[%clk 0:30:34]} 43. Rf1 {[%clk 0:14:31]} Ra2 {[%clk
0:25:56]} 44. Rd1 {[%clk 0:13:35]} Ra3 {[%clk 0:24:32]} 45. Ke3 {[%clk 0:13:13]}
Kf5 {[%clk 0:24:37]} 46. Rxd3 {[%clk 0:13:16]} Ra4 {[%clk 0:24:57]} 47. Rd5+
{[%clk 0:12:22]} Ke6 {[%clk 0:25:14]} 48. Rd4 {[%clk 0:12:32]} Ra3+ {[%clk
0:25:38]} 49. Kf4 {[%clk 0:12:35]} Ra8 {[%clk 0:25:28]} 50. f3 {[%clk 0:11:28]}
Rf8+ {[%clk 0:25:52]} 51. Ke3 {[%clk 0:11:17]} Rg8 {[%clk 0:25:47]} 52. g4 {[%clk
0:11:19]} Rg5 {[%clk 0:25:51]} 1-0

[Event "Girls U12 Polish Youth Championship"]
[Site "chess24.com"]
[Date "2018.05.04"]
[Round "8"]
[White "Oborska, Magda"]
[Black "Pawicka, Magdalena"]
[Result "1-0"]
[Board "2"]
[WhiteElo "1336"]
[WhiteCountry "POL"]
[WhiteFideId "21852545"]
[WhiteEloChange "18"]
[BlackElo "1789"]
[BlackCountry "POL"]
[BlackFideId "21836507"]
[BlackEloChange "-18"]

1. e4 {[%clk 1:30:57]} e5 {[%clk 1:30:56]} 2. Nf3 {[%clk 1:31:20]} Nc6 {[%clk
1:31:17]} 3. Bb5 {[%clk 1:31:41]} a6 {[%clk 1:31:36]} 4. Ba4 {[%clk 1:32:05]} Nf6
{[%clk 1:31:47]} 5. O-O {[%clk 1:32:12]} Be7 {[%clk 1:31:32]} 6. Re1 {[%clk
1:31:56]} b5 {[%clk 1:31:20]} 7. Bb3 {[%clk 1:32:14]} O-O {[%clk 1:31:15]} 8. h3
{[%clk 1:31:46]} d6 {[%clk 1:31:18]} 9. c3 {[%clk 1:32:05]} Na5 {[%clk 1:30:52]}
10. d4 {[%clk 1:30:25]} Nxb3 {[%clk 1:21:49]} 11. Qxb3 {[%clk 1:29:36]} exd4
{[%clk 1:16:30]} 12. cxd4 {[%clk 1:26:20]} Bb7 {[%clk 1:14:56]} 13. d5 {[%clk
1:24:59]} Re8 {[%clk 1:10:52]} 14. Bg5 {[%clk 1:24:09]} c6 {[%clk 1:03:34]} 15.
dxc6 {[%clk 1:22:56]} Bxc6 {[%clk 1:03:21]} 16. Nbd2 {[%clk 1:20:06]} Qd7 {[%clk
0:58:33]} 17. e5 {[%clk 1:17:34]} Nd5 {[%clk 0:54:27]} 18. Bxe7 {[%clk 1:14:59]}
Qxe7 {[%clk 0:52:07]} 19. Nd4 {[%clk 1:13:58]} Bb7 {[%clk 0:49:09]} 20. Nf5
{[%clk 1:12:14]} Qg5 {[%clk 0:47:14]} 21. Nxd6 {[%clk 1:11:24]} Bc6 {[%clk
0:42:13]} 22. N2e4 {[%clk 1:08:41]} Qg6 {[%clk 0:41:27]} 23. Nxe8 {[%clk
1:04:27]} Rxe8 {[%clk 0:41:29]} 24. Qg3 {[%clk 1:01:44]} Qe6 {[%clk 0:38:07]} 25.
Rac1 {[%clk 0:58:35]} Ba8 {[%clk 0:34:07]} 26. Nd6 {[%clk 0:55:29]} Rd8 {[%clk
0:33:05]} 27. f4 {[%clk 0:52:40]} Qh6 {[%clk 0:27:08]} 28. f5 {[%clk 0:42:26]}
Qd2 {[%clk 0:26:21]} 29. Rcd1 {[%clk 0:34:00]} Qxb2 {[%clk 0:25:34]} 30. Qb3
{[%clk 0:31:38]} Qc3 {[%clk 0:20:44]} 31. Qxc3 {[%clk 0:30:29]} Nxc3 {[%clk
0:21:08]} 32. e6 {[%clk 0:25:32]} fxe6 {[%clk 0:19:36]} 33. fxe6 {[%clk 0:25:35]}
Bc6 {[%clk 0:18:25]} 34. e7 {[%clk 0:25:21]} Rb8 {[%clk 0:17:56]} 35. Rd2 {[%clk
0:23:02]} Be8 {[%clk 0:17:49]} 36. Rf2 {[%clk 0:20:23]} Bc6 {[%clk 0:16:17]} 37.
Ref1 {[%clk 0:19:45]} h6 {[%clk 0:16:05]} 38. Rf8+ {[%clk 0:20:07]} 1-0

[Event "Girls U12 Polish Youth Championship"]
[Site "chess24.com"]
[Date "2018.05.04"]
[Round "8"]
[White "Mroz, Lena"]
[Black "Bar, Klaudia"]
[Result "1-0"]
[Board "3"]
[WhiteElo "1501"]
[WhiteCountry "POL"]
[WhiteFideId "21830916"]
[WhiteEloChange "5"]
[BlackElo "1295"]
[BlackCountry "POL"]
[BlackFideId "21836337"]
[BlackEloChange "-5"]

1. e4 {[%clk 1:30:57]} c5 {[%clk 1:30:56]} 2. Nf3 {[%clk 1:31:14]} Nc6 {[%clk
1:31:19]} 3. d4 {[%clk 1:31:31]} cxd4 {[%clk 1:31:43]} 4. Nxd4 {[%clk 1:31:52]}
g6 {[%clk 1:31:57]} 5. g3 {[%clk 1:32:04]} Bg7 {[%clk 1:31:30]} 6. Ne2 {[%clk
1:32:05]} Nf6 {[%clk 1:31:39]} 7. Bg2 {[%clk 1:32:04]} O-O {[%clk 1:31:27]} 8.
O-O {[%clk 1:32:17]} d6 {[%clk 1:29:53]} 9. Nbc3 {[%clk 1:31:31]} Bd7 {[%clk
1:25:26]} 10. h3 {[%clk 1:30:30]} Rc8 {[%clk 1:25:18]} 11. Be3 {[%clk 1:30:13]}
Na5 {[%clk 1:23:02]} 12. b3 {[%clk 1:28:27]} Nxe4 {[%clk 1:19:42]} 13. Nxe4
{[%clk 1:26:52]} Bxa1 {[%clk 1:19:32]} 14. Qxa1 {[%clk 1:27:11]} f6 {[%clk
1:13:19]} 15. N4c3 {[%clk 1:25:12]} Nc6 {[%clk 1:06:31]} 16. Nf4 {[%clk 1:23:50]}
Nb4 {[%clk 0:58:46]} 17. Qb2 {[%clk 1:21:50]} Qc7 {[%clk 0:51:24]} 18. Bd2 {[%clk
1:19:34]} g5 {[%clk 0:49:43]} 19. Nd3 {[%clk 1:14:20]} Nxd3 {[%clk 0:49:12]} 20.
cxd3 {[%clk 1:14:32]} Bf5 {[%clk 0:49:04]} 21. d4 {[%clk 1:13:13]} h5 {[%clk
0:41:29]} 22. Re1 {[%clk 1:11:51]} e6 {[%clk 0:40:28]} 23. Rc1 {[%clk 1:00:25]}
Qd7 {[%clk 0:37:45]} 24. Kh2 {[%clk 0:58:20]} g4 {[%clk 0:36:15]} 25. hxg4 {[%clk
0:55:30]} hxg4 {[%clk 0:36:35]} 26. Rh1 {[%clk 0:55:36]} Rf7 {[%clk 0:36:46]} 27.
Kg1 {[%clk 0:54:53]} b5 {[%clk 0:37:01]} 28. b4 {[%clk 0:53:23]} Rh7 {[%clk
0:36:52]} 29. Ne4 {[%clk 0:37:19]} Rxh1+ {[%clk 0:35:58]} 30. Bxh1 {[%clk
0:37:27]} Qe7 {[%clk 0:34:49]} 31. Bf4 {[%clk 0:28:19]} Bxe4 {[%clk 0:33:30]} 32.
Bxe4 {[%clk 0:28:40]} d5 {[%clk 0:33:31]} 33. Bd3 {[%clk 0:28:15]} a6 {[%clk
0:33:41]} 34. Qe2 {[%clk 0:28:27]} Kf7 {[%clk 0:32:01]} 35. Qxg4 {[%clk 0:23:47]}
Qxb4 {[%clk 0:31:13]} 36. Qg6+ {[%clk 0:19:44]} Ke7 {[%clk 0:31:26]} 37. Qg7+
{[%clk 0:19:55]} Kd8 {[%clk 0:29:37]} 38. Qxf6+ {[%clk 0:19:56]} Qe7 {[%clk
0:29:31]} 39. Qe5 {[%clk 0:19:28]} Kd7 {[%clk 0:28:42]} 40. a4 {[%clk 0:17:33]}
Qa3 {[%clk 0:27:25]} 41. axb5 {[%clk 0:12:51]} Qxd3 {[%clk 0:24:30]} 42. Qd6+
{[%clk 0:13:10]} Ke8 {[%clk 0:24:45]} 43. Qxe6+ {[%clk 0:13:37]} Kd8 {[%clk
0:25:03]} 44. Bg5+ {[%clk 0:14:00]} Kc7 {[%clk 0:25:16]} 45. Qc6+ {[%clk
0:14:24]} Kb8 {[%clk 0:25:29]} 46. Bf4+ {[%clk 0:14:45]} Ka7 {[%clk 0:25:45]} 47.
Qxa6# {[%clk 0:15:09]} 1-0

[Event "Girls U12 Polish Youth Championship"]
[Site "chess24.com"]
[Date "2018.05.04"]
[Round "8"]
[White "Gaj, Magdalena"]
[Black "Barwinska, Ewa"]
[Result "1-0"]
[Board "4"]
[WhiteElo "1585"]
[WhiteCountry "POL"]
[WhiteFideId "21804397"]
[WhiteEloChange "8"]
[BlackElo "1517"]
[BlackCountry "POL"]
[BlackFideId "21833761"]
[BlackEloChange "-8"]

1. e4 {[%clk 1:30:56]} c5 {[%clk 1:30:43]} 2. c4 {[%clk 1:31:05]} Nc6 {[%clk
1:29:28]} 3. Nf3 {[%clk 1:31:10]} Nd4 {[%clk 1:25:04]} 4. Nc3 {[%clk 1:29:31]} d6
{[%clk 1:22:41]} 5. d3 {[%clk 1:22:14]} Nf6 {[%clk 1:17:47]} 6. Be3 {[%clk
1:19:26]} e5 {[%clk 1:16:56]} 7. h3 {[%clk 1:16:54]} h6 {[%clk 1:17:01]} 8. Be2
{[%clk 1:15:01]} Be7 {[%clk 1:15:52]} 9. Nd5 {[%clk 1:11:08]} Be6 {[%clk
1:12:19]} 10. O-O {[%clk 1:04:50]} O-O {[%clk 1:11:40]} 11. Nd2 {[%clk 0:55:47]}
Bxd5 {[%clk 1:07:59]} 12. exd5 {[%clk 0:54:01]} Nd7 {[%clk 1:04:53]} 13. Bxd4
{[%clk 0:49:44]} exd4 {[%clk 1:05:02]} 14. a3 {[%clk 0:47:45]} a5 {[%clk
1:01:43]} 15. b3 {[%clk 0:43:34]} Rb8 {[%clk 0:59:55]} 16. b4 {[%clk 0:35:41]} b6
{[%clk 0:58:00]} 17. b5 {[%clk 0:33:27]} Re8 {[%clk 0:55:52]} 18. f4 {[%clk
0:33:08]} f5 {[%clk 0:49:34]} 19. Bh5 {[%clk 0:29:28]} Rf8 {[%clk 0:49:28]} 20.
Qe2 {[%clk 0:29:14]} Rf6 {[%clk 0:42:28]} 21. Rae1 {[%clk 0:27:53]} Bf8 {[%clk
0:42:25]} 22. g4 {[%clk 0:19:48]} fxg4 {[%clk 0:40:46]} 23. Qxg4 {[%clk 0:19:32]}
Be7 {[%clk 0:40:13]} 24. Ne4 {[%clk 0:18:24]} Rf8 {[%clk 0:40:38]} 25. Qe6+
{[%clk 0:17:53]} Kh8 {[%clk 0:40:59]} 26. Nxd6 {[%clk 0:16:50]} Bxd6 {[%clk
0:41:21]} 27. Qxd6 {[%clk 0:17:09]} Qh4 {[%clk 0:40:47]} 28. Qxd7 {[%clk
0:16:35]} Qxh5 {[%clk 0:40:07]} 29. Re7 {[%clk 0:15:22]} Qg6+ {[%clk 0:37:16]}
30. Qg4 {[%clk 0:14:56]} Qf6 {[%clk 0:37:38]} 31. Rfe1 {[%clk 0:14:23]} Rf7
{[%clk 0:36:22]} 32. Rxf7 {[%clk 0:12:36]} Qxf7 {[%clk 0:36:46]} 33. d6 {[%clk
0:11:40]} Rd8 {[%clk 0:37:06]} 34. Re7 {[%clk 0:09:52]} Qf6 {[%clk 0:37:13]} 35.
Re6 {[%clk 0:09:41]} Qf8 {[%clk 0:36:25]} 36. Qg6 {[%clk 0:09:14]} Kg8 {[%clk
0:34:18]} 37. d7 {[%clk 0:08:37]} 1-0

[Event "Girls U12 Polish Youth Championship"]
[Site "chess24.com"]
[Date "2018.05.04"]
[Round "8"]
[White "Kowalczyk, Barbara"]
[Black "Obrochta, Lena"]
[Result "1-0"]
[Board "5"]
[WhiteElo "1261"]
[WhiteCountry "POL"]
[WhiteFideId "21837317"]
[WhiteEloChange "12"]
[BlackElo "1342"]
[BlackCountry "POL"]
[BlackFideId "21836477"]
[BlackEloChange "-12"]

1. e4 {[%clk 1:30:51]} e5 {[%clk 1:30:50]} 2. Nf3 {[%clk 1:30:54]} d6 {[%clk
1:31:09]} 3. d4 {[%clk 1:30:59]} Nd7 {[%clk 1:31:24]} 4. Bc4 {[%clk 1:29:00]} c6
{[%clk 1:31:15]} 5. dxe5 {[%clk 1:25:32]} dxe5 {[%clk 1:31:06]} 6. Ng5 {[%clk
1:22:04]} Nh6 {[%clk 1:30:18]} 7. Nf3 {[%clk 1:11:41]} b5 {[%clk 1:23:12]} 8. Bb3
{[%clk 1:11:24]} Be7 {[%clk 1:16:08]} 9. Bxh6 {[%clk 1:03:09]} gxh6 {[%clk
1:15:29]} 10. Qd2 {[%clk 1:01:04]} Bf8 {[%clk 1:03:58]} 11. Nc3 {[%clk 0:57:50]}
Rg8 {[%clk 1:02:20]} 12. Rg1 {[%clk 0:57:23]} Qf6 {[%clk 0:56:12]} 13. O-O-O
{[%clk 0:53:50]} Be7 {[%clk 0:52:27]} 14. Ne2 {[%clk 0:52:12]} Nc5 {[%clk
0:41:57]} 15. Ng3 {[%clk 0:48:05]} Bg4 {[%clk 0:32:14]} 16. Qc3 {[%clk 0:44:44]}
b4 {[%clk 0:24:40]} 17. Qe3 {[%clk 0:41:09]} a5 {[%clk 0:21:11]} 18. Nf5 {[%clk
0:38:09]} Bxf5 {[%clk 0:12:27]} 19. exf5 {[%clk 0:37:39]} e4 {[%clk 0:12:13]} 20.
Nd4 {[%clk 0:36:32]} a4 {[%clk 0:07:27]} 21. Bc4 {[%clk 0:32:44]} b3 {[%clk
0:05:21]} 22. f3 {[%clk 0:22:59]} bxc2 {[%clk 0:04:01]} 23. Nxc2 {[%clk 0:16:38]}
Qxf5 {[%clk 0:01:04]} 24. fxe4 {[%clk 0:16:16]} Qg6 {[%clk 0:01:06]} 25. Kb1
{[%clk 0:13:56]} Rb8 {[%clk 0:01:00]} 26. Qf4 {[%clk 0:12:43]} Rb7 {[%clk
0:00:54]} 27. e5 {[%clk 0:12:01]} Rf8 {[%clk 0:01:00]} 28. Qd4 {[%clk 0:09:24]}
Rd7 {[%clk 0:00:57]} 29. Qf4 {[%clk 0:08:38]} Rb7 {[%clk 0:00:43]} 30. Qf3 {[%clk
0:07:31]} Qg7 {[%clk 0:00:32]} 31. Qxc6+ {[%clk 0:07:25]} Rd7 {[%clk 0:00:41]}
32. Qc8+ {[%clk 0:05:56]} Bd8 {[%clk 0:00:36]} 33. Qxc5 {[%clk 0:06:17]} Rxd1+
{[%clk 0:00:31]} 34. Rxd1 {[%clk 0:06:33]} Qg4 {[%clk 0:00:33]} 35. Qc6+ {[%clk
0:06:16]} Ke7 {[%clk 0:00:51]} 36. Qd6+ {[%clk 0:06:40]} 1-0

[Event "Girls U12 Polish Youth Championship"]
[Site "chess24.com"]
[Date "2018.05.04"]
[Round "8"]
[White "Tokarz, Izabela"]
[Black "Szczotka, Matylda"]
[Result "1-0"]
[Board "6"]
[WhiteElo "1337"]
[WhiteCountry "POL"]
[WhiteFideId "21849170"]
[WhiteEloChange "6"]
[BlackElo "1204"]
[BlackCountry "POL"]
[BlackFideId "21858918"]
[BlackEloChange "-6"]

1. d4 {[%clk 1:30:57]} Nf6 {[%clk 1:30:53]} 2. c4 {[%clk 1:31:14]} e6 {[%clk
1:31:15]} 3. Nc3 {[%clk 1:31:39]} Bb4 {[%clk 1:31:36]} 4. f3 {[%clk 1:31:30]} d5
{[%clk 1:31:43]} 5. a3 {[%clk 1:31:34]} Be7 {[%clk 1:31:22]} 6. e3 {[%clk
1:30:09]} b6 {[%clk 1:29:59]} 7. Bd3 {[%clk 1:30:24]} Bb7 {[%clk 1:29:28]} 8.
Nge2 {[%clk 1:29:31]} O-O {[%clk 1:28:41]} 9. O-O {[%clk 1:29:12]} h6 {[%clk
1:26:25]} 10. e4 {[%clk 1:12:40]} c5 {[%clk 1:22:06]} 11. e5 {[%clk 1:09:45]}
Nfd7 {[%clk 1:20:11]} 12. cxd5 {[%clk 1:08:36]} exd5 {[%clk 1:19:22]} 13. f4
{[%clk 1:05:23]} cxd4 {[%clk 1:11:23]} 14. Nb5 {[%clk 1:04:52]} Bc5 {[%clk
1:08:36]} 15. b4 {[%clk 1:03:30]} Be7 {[%clk 1:05:05]} 16. Nbxd4 {[%clk 1:03:21]}
Re8 {[%clk 0:56:38]} 17. Kh1 {[%clk 1:02:16]} Na6 {[%clk 0:51:15]} 18. Ng3 {[%clk
1:01:53]} Kh8 {[%clk 0:46:50]} 19. Bb1 {[%clk 1:01:19]} Nf8 {[%clk 0:44:00]} 20.
Qh5 {[%clk 0:57:44]} Kg8 {[%clk 0:29:17]} 21. f5 {[%clk 0:56:01]} Nh7 {[%clk
0:16:25]} 22. f6 {[%clk 0:55:37]} Bf8 {[%clk 0:15:13]} 23. fxg7 {[%clk 0:55:35]}
Bxg7 {[%clk 0:15:03]} 24. Qxf7+ {[%clk 0:55:15]} Kh8 {[%clk 0:15:12]} 25. Bxh6
{[%clk 0:54:40]} Rg8 {[%clk 0:15:06]} 26. Qf5 {[%clk 0:53:15]} Nf8 {[%clk
0:14:29]} 27. Bxg7+ {[%clk 0:53:04]} Rxg7 {[%clk 0:14:41]} 28. Nh5 {[%clk
0:51:22]} Re7 {[%clk 0:10:59]} 29. Nf6 {[%clk 0:50:40]} Qc7 {[%clk 0:09:44]} 30.
Qh5+ {[%clk 0:49:53]} Kg7 {[%clk 0:07:09]} 31. Nf5# {[%clk 0:50:13]} 1-0

[Event "Girls U12 Polish Youth Championship"]
[Site "chess24.com"]
[Date "2018.05.04"]
[Round "8"]
[White "Miranowska, Anna"]
[Black "Dallemura, Anna"]
[Result "1/2-1/2"]
[Board "7"]
[WhiteElo "1146"]
[WhiteCountry "POL"]
[WhiteFideId "21847274"]
[WhiteEloChange "3"]
[BlackElo "1268"]
[BlackCountry "POL"]
[BlackFideId "21823022"]
[BlackEloChange "-3"]

1. d4 {[%clk 1:30:59]} Nf6 {[%clk 1:30:53]} 2. Nf3 {[%clk 1:31:24]} d5 {[%clk
1:30:48]} 3. c4 {[%clk 1:31:47]} e6 {[%clk 1:30:46]} 4. Nc3 {[%clk 1:32:10]} Be7
{[%clk 1:30:51]} 5. Bg5 {[%clk 1:32:06]} h6 {[%clk 1:31:02]} 6. Bh4 {[%clk
1:32:31]} O-O {[%clk 1:31:16]} 7. e3 {[%clk 1:32:49]} Ne4 {[%clk 1:31:07]} 8.
Bxe7 {[%clk 1:31:51]} Qxe7 {[%clk 1:31:28]} 9. Rc1 {[%clk 1:30:36]} Nxc3 {[%clk
1:31:02]} 10. Rxc3 {[%clk 1:30:47]} c6 {[%clk 1:30:41]} 11. Bd3 {[%clk 1:23:59]}
dxc4 {[%clk 1:29:29]} 12. Bxc4 {[%clk 1:23:21]} Nd7 {[%clk 1:28:08]} 13. O-O
{[%clk 1:18:23]} b6 {[%clk 1:27:09]} 14. Qe2 {[%clk 1:13:07]} a5 {[%clk 1:21:09]}
15. Bd3 {[%clk 1:04:30]} Bb7 {[%clk 1:18:50]} 16. Be4 {[%clk 1:03:27]} Ba6 {[%clk
1:15:16]} 17. Bd3 {[%clk 1:00:55]} Bxd3 {[%clk 1:13:09]} 18. Qxd3 {[%clk
1:01:02]} c5 {[%clk 1:09:23]} 19. Rfc1 {[%clk 0:51:27]} Rfd8 {[%clk 1:08:33]} 20.
Qc2 {[%clk 0:44:18]} e5 {[%clk 0:54:32]} 21. dxe5 {[%clk 0:36:59]} Nxe5 {[%clk
0:54:36]} 22. Nxe5 {[%clk 0:37:24]} Qxe5 {[%clk 0:54:57]} 23. Rd1 {[%clk
0:36:23]} Qe6 {[%clk 0:52:43]} 24. a3 {[%clk 0:34:25]} Qf6 {[%clk 0:48:59]} 25.
g3 {[%clk 0:26:48]} Rxd1+ {[%clk 0:47:01]} 26. Qxd1 {[%clk 0:27:08]} Rd8 {[%clk
0:47:04]} 27. Qc2 {[%clk 0:26:44]} Qd6 {[%clk 0:46:41]} 28. Rb3 {[%clk 0:24:23]}
a4 {[%clk 0:41:43]} 29. Rc3 {[%clk 0:23:56]} Qd1+ {[%clk 0:41:09]} 30. Qxd1
{[%clk 0:23:39]} Rxd1+ {[%clk 0:41:29]} 31. Kg2 {[%clk 0:23:46]} Rd2 {[%clk
0:33:26]} 32. b3 {[%clk 0:21:32]} axb3 {[%clk 0:33:29]} 33. Rxb3 {[%clk 0:21:55]}
Rd6 {[%clk 0:33:53]} 34. a4 {[%clk 0:21:19]} c4 {[%clk 0:32:47]} 35. Rc3 {[%clk
0:21:34]} Rc6 {[%clk 0:32:27]} 36. Kf3 {[%clk 0:21:40]} Rc5 {[%clk 0:22:43]} 37.
Ke4 {[%clk 0:19:06]} b5 {[%clk 0:19:50]} 38. axb5 {[%clk 0:18:39]} Rxb5 {[%clk
0:20:14]} 39. Rxc4 {[%clk 0:18:54]} Rb2 {[%clk 0:19:08]} 40. Kf3 {[%clk 0:17:51]}
Kh7 {[%clk 0:17:33]} 41. h4 {[%clk 0:16:55]} g6 {[%clk 0:17:20]} 42. Rc7 {[%clk
0:13:35]} Kg7 {[%clk 0:17:18]} 43. g4 {[%clk 0:10:55]} g5 {[%clk 0:15:50]} 44. h5
{[%clk 0:09:19]} Rb3 {[%clk 0:15:19]} 45. Rd7 {[%clk 0:08:46]} Rb6 {[%clk
0:11:59]} 46. Rd5 {[%clk 0:05:37]} Rb2 {[%clk 0:11:19]} 47. Kg3 {[%clk 0:04:08]}
Rb3 {[%clk 0:10:18]} 48. Re5 {[%clk 0:02:59]} Rb1 {[%clk 0:06:36]} 49. Kg2 {[%clk
0:01:28]} Rb2 {[%clk 0:06:51]} 50. Kg3 {[%clk 0:01:26]} Rb1 {[%clk 0:07:07]} 51.
f4 {[%clk 0:01:12]} gxf4+ {[%clk 0:06:21]} 52. exf4 {[%clk 0:01:04]} Rb3+ {[%clk
0:05:59]} 53. Kf2 {[%clk 0:01:20]} Rb2+ {[%clk 0:06:12]} 54. Re2 {[%clk 0:01:30]}
Rb4 {[%clk 0:06:06]} 55. Kf3 {[%clk 0:01:53]} Rb5 {[%clk 0:05:55]} 56. Re5 {[%clk
0:01:50]} Rb4 {[%clk 0:04:57]} 57. Re4 {[%clk 0:02:15]} Rb5 {[%clk 0:04:41]} 58.
Re5 {[%clk 0:02:42]} Rb4 {[%clk 0:05:01]} 59. Re4 {[%clk 0:03:08]} Rb5 {[%clk
0:05:25]} 60. f5 {[%clk 0:02:48]} Rb1 {[%clk 0:05:22]} 61. Re3 {[%clk 0:02:54]}
Kf6 {[%clk 0:05:33]} 62. Kf4 {[%clk 0:03:08]} Rf1+ {[%clk 0:05:25]} 63. Rf3
{[%clk 0:03:35]} Rb1 {[%clk 0:04:56]} 64. Re3 {[%clk 0:02:57]} Rf1+ {[%clk
0:04:39]} 65. Rf3 {[%clk 0:02:45]} Rb1 {[%clk 0:05:02]} 66. Re3 {[%clk 0:02:12]}
Rf1+ {[%clk 0:05:21]} 67. Rf3 {[%clk 0:02:38]} Rb1 {[%clk 0:05:44]} 1/2-1/2

[Event "Girls U12 Polish Youth Championship"]
[Site "chess24.com"]
[Date "2018.05.04"]
[Round "8"]
[White "Kucharska, Helena"]
[Black "Jedrzejewska, Zuzanna"]
[Result "1/2-1/2"]
[Board "8"]
[WhiteElo "1247"]
[WhiteCountry "POL"]
[WhiteFideId "1195760"]
[WhiteEloChange "-3"]
[BlackElo "1152"]
[BlackCountry "POL"]
[BlackFideId "21833770"]
[BlackEloChange "3"]

1. d4 {[%clk 1:30:57]} d5 {[%clk 1:30:53]} 2. e3 {[%clk 1:31:07]} Nf6 {[%clk
1:30:56]} 3. Bd3 {[%clk 1:31:26]} Nc6 {[%clk 1:30:14]} 4. f4 {[%clk 1:31:35]} g6
{[%clk 1:24:00]} 5. Nf3 {[%clk 1:31:32]} Bg7 {[%clk 1:24:01]} 6. O-O {[%clk
1:31:17]} O-O {[%clk 1:24:03]} 7. Bd2 {[%clk 1:27:06]} Bg4 {[%clk 1:16:13]} 8.
Be1 {[%clk 1:18:55]} Nd7 {[%clk 1:07:48]} 9. c3 {[%clk 1:17:52]} f6 {[%clk
1:03:23]} 10. Bh4 {[%clk 1:16:13]} Qc8 {[%clk 1:01:11]} 11. Qb3 {[%clk 1:10:45]}
Nb6 {[%clk 1:00:52]} 12. e4 {[%clk 1:00:44]} Qd7 {[%clk 0:59:42]} 13. Nbd2 {[%clk
0:54:23]} Be6 {[%clk 0:51:32]} 14. e5 {[%clk 0:53:28]} Kh8 {[%clk 0:45:46]} 15.
Qc2 {[%clk 0:47:14]} fxe5 {[%clk 0:42:46]} 16. fxe5 {[%clk 0:45:52]} Bf5 {[%clk
0:39:04]} 17. Ng5 {[%clk 0:34:32]} Bxd3 {[%clk 0:38:29]} 18. Qxd3 {[%clk
0:33:48]} e6 {[%clk 0:34:41]} 19. Qh3 {[%clk 0:33:04]} Rae8 {[%clk 0:30:54]} 20.
Bf2 {[%clk 0:29:26]} h6 {[%clk 0:29:20]} 21. Be3 {[%clk 0:26:05]} Kg8 {[%clk
0:27:29]} 22. Ngf3 {[%clk 0:25:39]} g5 {[%clk 0:24:56]} 23. Bxg5 {[%clk 0:11:50]}
hxg5 {[%clk 0:24:06]} 24. Nxg5 {[%clk 0:12:10]} Bh8 {[%clk 0:22:43]} 25. Rxf8+
{[%clk 0:11:40]} Rxf8 {[%clk 0:22:00]} 26. Qh6 {[%clk 0:11:22]} Nd8 {[%clk
0:20:38]} 27. Re1 {[%clk 0:08:07]} Qg7 {[%clk 0:17:36]} 28. Qh5 {[%clk 0:08:25]}
Rf5 {[%clk 0:15:47]} 29. Qe8+ {[%clk 0:08:44]} Qf8 {[%clk 0:14:18]} 30. Qg6+
{[%clk 0:09:06]} Qg7 {[%clk 0:13:59]} 31. Qe8+ {[%clk 0:09:27]} Qf8 {[%clk
0:12:48]} 32. Qg6+ {[%clk 0:09:49]} Qg7 {[%clk 0:12:45]} 33. Qe8+ {[%clk
0:10:06]} Qf8 {[%clk 0:13:01]} 34. Qg6+ {[%clk 0:09:44]} Qg7 {[%clk 0:13:19]} 35.
Qe8+ {[%clk 0:08:55]} Qf8 {[%clk 0:13:39]} 1/2-1/2